El libro de la selva / (Registro nro. 12580)

Detalles MARC
000 -LIDER
fixed length control field 00691nam a2200229 a 4500
001 - NÚMERO DE CONTROL
Identificador de número de control 000005392
003 - IDENTIFICACDOR DE NÚMERO DE CONTROL
control field DO-SdBNP
005 - DATE AND TIME OF LATEST TRANSACTION
control field 20170713115050.0
007 - CAMPOS FIJOS DE DESCRIPCIÓN FÍSICA
fixed length control field 000005390
008 - ELEMENTOS DE LONGITUD FIJA
fixed length control field 090819s1991 sp a 000 0 spa d
020 ## - ISBN
International Standard Book Number 8439286546
040 ## - FUENTE DE CATALOGACIÓN
Agencia que crea de manera original el registro BPMSU
Idioma de catalogación spa
Agencia que realiza la transcripción BPMSU
100 1# - ASIENTO PRINCIPAL -- NOMBRE PERSONAL
Nombre personal Rodríguez, Pedro Andrés
245 13 - MENCIÓN DE TITULO
Título El libro de la selva /
Mención de responsabilidad Rudyard Kinpling; Pdro Andrés Rodríguez
260 ## - PUBLICACIÓN, DISTRIBUCIÓN, ETC. (PIE DE IMPRENTA)
Lugar de publicación, distribución, etc [Madríd ] :
Nombre del editor, distribuidor, etc. Ediciones Gaviota,
Fecha de publicación, distribución, etc 1991
300 ## - DESCRIPCIÓN FÍSICA
Extensión 81 p. :
Otros detalles físicos il.,
Dimensiones 20 cm.
490 1# - MENCIÓN DE SERIES
Mención de serie Gaviota -Junior (minilibros Disney)
700 ## - ASIENTO SECUNDARIO -- NOMBRE PERSONAL
Nombre personal Kinpling, Rudyard
830 #0 - ASIENTO SECUNDARIO DE SERIE--TÍTULO UNIFORME
Título uniforme Gaviota -Junior
Nombre de la parte o sección de una obra Minilibros Disney
942 ## - ADDED ENTRY ELEMENTS (KOHA)
Source of classification or shelving scheme Dewey Decimal Classification
Koha item type Libros
956 ## - LOCAL ELECTRONIC LOCATION AND ACCESS (OCLC)
Nombre de host VMATEO
Número de acceso 10
Información de compresión 20160331
Inicio de sesión BPMSU
Procesador de solicitud 0069
Existencias
Withdrawn status Lost status Source of classification or shelving scheme Damaged status Not for loan Collection code Home library Current library Date acquired Source of acquisition Total Checkouts Barcode Date last seen Price effective from Koha item type
    Dewey Decimal Classification     Colección Infantil General Biblioteca Pública Metropolitana Salomé Ureña Biblioteca Pública Metropolitana Salomé Ureña 07/13/2017 Alfaguara   BPMSU17070011 07/13/2017 07/13/2017 Libros